000 00558nam a2200181 i 4500
001 88249
003 ES-MaACL
005 20230906175827.0
007 t|
008 050103s1958 sp ||||1| spa d
100 1 _aLaín Entralgo, Pedro,
_d1908-2001
_969681
245 1 3 _aLa curación por la palabra en la antigüedad clásica /
_cPedro Laín Entralgo.
260 _aMadrid :
_bRevista de Occidente,
_c1958 (
_fClavileño)
300 _a356 p. ;
_c19 cm.
650 4 _aLogoterapia-
_zGrecia.
_9171939
852 _aES-MaACL
_jC-16024
999 _c88249
_d88249